Manual of Pottery and Porcelain Restoration (Record no. 273)

MARC details
000 -CABECERA
campo de control de longitud fija 00646nam a2200229 a 4500
001 - NÚMERO DE CONTROL
campo de control BRCA_336
005 - FECHA Y HORA DE LA ÚLTIMA TRANSACCIÓN
campo de control 20190320202951.0
008 - DATOS DE LONGITUD FIJA--INFORMACIÓN GENERAL
campo de control de longitud fija 760904s1976 enka 001 0 eng
020 ## - NÚMERO INTERNACIONAL ESTÁNDAR DEL LIBRO
Número Internacional Estándar del Libro 0709153910
040 ## - FUENTE DE LA CATALOGACIÓN
Centro catalogador/agencia de origen DLC
Centro/agencia transcriptor DLC
Centro/agencia modificador DLC
050 #4 - SIGNATURA TOPOGRÁFICA DE LA BIBLIOTECA DEL CONGRESO
Número de clasificación NK4233
Número de documento/Ítem .E94 1991
100 1# - ENTRADA PRINCIPAL--NOMBRE DE PERSONA
Nombre de persona Everett, David
Fechas asociadas al nombre 1938-
9 (RLIN) 1119
245 10 - MENCIÓN DE TÍTULO
Título Manual of Pottery and Porcelain Restoration
Mención de responsabilidad, etc. David Everett.
250 ## - MENCIÓN DE EDICIÓN
Mención de edición 2 ed
260 ## - PUBLICACIÓN, DISTRIBUCIÓN, ETC.
Lugar de publicación, distribución, etc. Londres
Nombre del editor, distribuidor, etc. Hale
Fecha de publicación, distribución, etc. 1991
300 ## - DESCRIPCIÓN FÍSICA
Extensión 142 p.
Otras características físicas il.
Dimensiones 22 cm.
500 ## - NOTA GENERAL
Nota general Incluye apéndice: Lista de manufacturas
500 ## - NOTA GENERAL
Nota general Donación Consejo Británico
650 14 - PUNTO DE ACCESO ADICIONAL DE MATERIA--TÉRMINO DE MATERIA
Término de materia o nombre geográfico como elemento de entrada Cerámica
Subdivisión general Reparación
9 (RLIN) 1120
902 ## - CATALOGADOR
Iniciales DCB
942 ## - ELEMENTOS DE PUNTO DE ACCESO ADICIONAL (KOHA)
Fuente del sistema de clasificación o colocación Library of Congress Classification
Tipo de ítem Koha Libros
Holdings
Estado de retiro Estado de pérdida Estado dañado No para préstamo Localización permanente Ubicación/localización actual Fecha de adquisición Total de préstamos Signatura topográfica completa Código de barras Fecha visto por última vez Precio válido a partir de Tipo de ítem Koha
El ejemplar forma parte de la colección y puede ser consultado según las políticas vigentes.       Biblioteca del Museo Franz Mayer (Rogerio Casas-Alatriste) Biblioteca del Museo Franz Mayer (Rogerio Casas-Alatriste) 25/06/2008   NK4233 .E94 1991 DCB00022 22/03/2019 22/03/2019 Libros